000 00592nam a22002297a 4500
003 UA-OsUOA
001 92856
007 ta
008 20121228b un ||||| |||| 00| 0 ukr d
100 _aАверин В. И.
090 _a821.161.1
_bА19
942 _cBK
040 _aUA-OsUOA
_brus
_cUA-OsUOA
_dUA-OsUOA
245 _a"Дубр" был за нами
300 _a111 с.
955 _a3
041 _arus
080 _a821.161.1
260 _aМ.
_bПолитиздат
_c1971
650 7 _a82 Література. Літературознавство
_2UDC
999 _c379323
_d379323